LEADER 01060nam0-22003851i-450- 001 990000857890403321 005 20090916120029.0 010 $a3-11-012892-6 035 $a000085789 035 $aFED01000085789 035 $a(Aleph)000085789FED01 035 $a000085789 100 $a20020821d1992----km-y0itay50------ba 101 0 $aeng 102 $aDE 105 $aa---a---001yy 200 1 $aFinite soluble groups$fKlaus Doerk , Trevor Hawkes 210 $aBerlin$cWalter de Gruyter$dc1992 215 $ax, 891 p.$cill.$d24 cm 225 1 $aExpositions in Mathematics$v4 610 0 $aFinite soluble groups 610 0 $aGruppi e teoria dei gruppi 610 0 $aTeoria dei numeri 676 $a512.2 700 1$aDoerk,$bKlaus$042303 701 1$aHawkes,$bTrevor O.$0289015 801 0$aIT$bUNINA$gRICA$2UNIMARC 901 $aBK 912 $a990000857890403321 952 $a02 16 D 38$b6471$fFINBN 952 $a512.2-DOE-1$b4182$fSC1 959 $aFINBN 959 $aSC1 996 $aFinite soluble groups$979618 997 $aUNINA LEADER 04132nam 2200973 a 450 001 9910790317703321 005 20230124190526.0 010 $a1-282-23392-0 010 $a9786613811660 010 $a0-520-95383-5 024 7 $a10.1525/9780520953833 035 $a(CKB)2670000000230656 035 $a(EBL)980022 035 $a(OCoLC)802693544 035 $a(SSID)ssj0000696737 035 $a(PQKBManifestationID)12225924 035 $a(PQKBTitleCode)TC0000696737 035 $a(PQKBWorkID)10682461 035 $a(PQKB)11286985 035 $a(MiAaPQ)EBC980022 035 $a(DE-B1597)518982 035 $a(OCoLC)806040079 035 $a(DE-B1597)9780520953833 035 $a(Au-PeEL)EBL980022 035 $a(CaPaEBR)ebr10587983 035 $a(CaONFJC)MIL381166 035 $a(EXLCZ)992670000000230656 100 $a20120330d2012 ub 0 101 0 $aeng 135 $aur|n|---||||| 181 $ctxt 182 $cc 183 $acr 200 12$aA shark going inland is my chief$b[electronic resource] $ethe island civilization of ancient Hawai?i /$fPatrick Vinton Kirch 210 $aBerkeley $cUniversity of California Press$dc2012 215 $a1 online resource (375 p.) 300 $aDescription based upon print version of record. 311 $a0-520-30341-5 311 $a0-520-27330-3 320 $aIncludes bibliographical references (p. 317-333) and index. 327 $apt. 1. Voyages -- pt. 2. In Pele's islands -- pt. 3. The reign of the feathered gods. 330 $aTracing the origins of the Hawaiians and other Polynesians back to the shores of the South China Sea, archaeologist Patrick Vinton Kirch follows their voyages of discovery across the Pacific in this fascinating history of Hawaiian culture from about one thousand years ago. Combining more than four decades of his own research with Native Hawaiian oral traditions and the evidence of archaeology, Kirch puts a human face on the gradual rise to power of the Hawaiian god-kings, who by the late eighteenth century were locked in a series of wars for ultimate control of the entire archipelago.This lively, accessible chronicle works back from Captain James Cook's encounter with the pristine kingdom in 1778, when the British explorers encountered an island civilization governed by rulers who could not be gazed upon by common people. Interweaving anecdotes from his own widespread travel and extensive archaeological investigations into the broader historical narrative, Kirch shows how the early Polynesian settlers of Hawai'i adapted to this new island landscape and created highly productive agricultural systems. 606 $aSOCIAL SCIENCE / Archaeology$2bisacsh 607 $aHawaii$xCivilization 607 $aHawaii$xAntiquities 607 $aHawaii$xHistory$yTo 1893 607 $aHawaii$xEnvironmental conditions 610 $a18th century history. 610 $aagriculture history. 610 $aamerican indians. 610 $aarchaeologist books. 610 $aarchipelago history. 610 $abooks based on facts. 610 $abooks for history lovers. 610 $abritish history. 610 $acaptain james hook. 610 $adistractions for kids. 610 $aeasy to read. 610 $aengaging. 610 $aeuropean history. 610 $ahawaiian culture. 610 $ahawaiian religion. 610 $ahawaiian tradition. 610 $ahistory of hawaii. 610 $alearning while reading. 610 $aleisure reads. 610 $anative american history. 610 $anonfiction history books. 610 $apage turner. 610 $apolynesian history. 610 $apolynesian settlers. 610 $apower struggle. 610 $asouth china sea. 610 $avacation books. 615 7$aSOCIAL SCIENCE / Archaeology. 676 $a996.9/02 700 $aKirch$b Patrick Vinton$0678780 801 0$bMiAaPQ 801 1$bMiAaPQ 801 2$bMiAaPQ 906 $aBOOK 912 $a9910790317703321 996 $aA shark going inland is my chief$93739997 997 $aUNINA